Nástroje výkonového odměňování
Ciele výkonového odmeňovania. Varianty výkonového odmeňovania. Úskalia výkonového odmeňovania. Vhodne koncipované odmeňovanie podľa výkonu sa môže stať účinným nástrojom zvýšenia pracovného úsilia a motivácie.
Guardado en:
| Autor principal: | |
|---|---|
| Formato: | Capítulo de libro |
| Lenguaje: | checo |
| Materias: | |
| Etiquetas: |
Sin Etiquetas, Sea el primero en etiquetar este registro!
|
MARC
| LEADER | 00000naa$a2200000$$$4500 | ||
|---|---|---|---|
| 001 | 0100008 | ||
| 005 | 20231019114954.4 | ||
| 041 | 0 | |a cze | |
| 044 | |a CZ | ||
| 245 | 1 | 0 | |a Nástroje výkonového odměňování |c Jan Urban |
| 520 | |a Ciele výkonového odmeňovania. Varianty výkonového odmeňovania. Úskalia výkonového odmeňovania. Vhodne koncipované odmeňovanie podľa výkonu sa môže stať účinným nástrojom zvýšenia pracovného úsilia a motivácie. | ||
| 610 | 2 | 0 | |a odmeňovanie |
| 610 | 2 | 0 | |a odmeny výkonnostné |
| 610 | 2 | 0 | |a motivácia pracovná |
| 100 | 1 | |a Urban, Jan | |